[Event "48th Bosna Tournament 2018"]
[Site "Sarajevo"]
[Date "2018.05.08"]
[Round "5"]
[White "Schreiner, Peter"]
[Black "Kozul, Zdenko"]
[Result "1-0"]
[WhiteElo "2473"]
[BlackElo "2597"]
[Annotator "TA"]
[PlyCount "234"]
[EventDate "2018.??.??"]
[EventType "swiss"]
[EventCountry "BIH"]
[SourceTitle "playchess.com"]
[Source "ChessBase"]
[SourceQuality "1"]

{[%evp 15,234,31,46,13,55,21,40,17,44,29,45,62,84,67,82,63,130,129,129,135,122,129,131,122,112,39,123,102,120,118,119,110,126,122,154,22,31,0,20,20,20,18,70,71,72,0,78,0,79,0,0,0,0,0,0,0,0,0,0,0,0,0,0,0,0,0,0,0,0,0,0,0,0,0,0,0,0,0,0,0,0,0,0,0,0,-95,-95,-95,-95,-95,-95,-95,-95,-95,-95,-95,-95,-95,-95,-95,-64,-64,-64,-64,-64,-64,-64,-64,-64,-64,-64,-64,-64,-64,-64,-64,-64,-64,-64,-64,-64,-64,-64,-64,-64,-64,0,0,0,-64,-64,-64,-64,-64,-64,-64,-64,-64,-25,-64,-64,-64,0,0,0,0,0,0,0,-10,-10,-64,-64,-239,-64,-17,0,-64,-64,-17,-17,-813,-943,-358,-28,-64,-64,-64,0,0,0,-64,-64,-64,-28,-64,-64,-272,-272,-265,-265,-64,-89,-383,-110,-182,-175,-5502,-4890,-29978,-29979,-29974,-6270,-6279,-6225,-6127,-6127,-5165,-1614,-1534,-1515,-2120,-2060,-1579,-1550,-29977,-29978,-29980,-29979,-29979,-29980,-29980,-29981,-29981,-29982,-29982,-29983,-29985,-29986,-29986,-29987]} 1. d4 Nf6 2. c4 g6 3. g3 c6 4. Bg2 d5 5. Qa4 dxc4 6. Qxc4 Bg7 7. Nf3 O-O 8. O-O Qb6 {LiveBook: 4 Games. D78: Fianchetto Grünfeld: 6 0-0 c6} (8... Bf5 9. Nc3 Nbd7 10. Re1 Nb6 11. Qb3 Be6 12. Qd1 Nfd5 13. Ne4 Qc8 14. Neg5 Rd8 15. e4 Nc7 16. Bf4 Nb5 17. d5 cxd5 18. Rc1 {½-½ (79) Yu,Y (2751)-Grischuk,A (2772) Huaian 2017}) 9. e3 $146 {[%cal Be2e3,Be3e4,Be4e5][%mdl 32]} ({Predecessor:} 9. Nbd2 Be6 10. Qc2 Na6 11. b3 Nb4 12. Qb1 a5 13. Bb2 a4 14. a3 Nbd5 15. b4 Nc7 16. Qc2 Nb5 17. Rfd1 Rfd8 18. h3 h6 19. Rac1 Qa7 20. e3 {½-½ (20) Wojtaszek,R (2569)-Kempinski,R (2627) Poznan 2005}) 9... a5 10. Nc3 Be6 {The position is equal.} 11. Qe2 a4 12. e4 Bg4 13. Be3 Qa5 14. h3 Bxf3 15. Bxf3 a3 (15... Nbd7 $14) 16. e5 $16 Nd5 17. Nxd5 cxd5 18. b4 $1 {[%cal Rb4a5]} Qxb4 19. Bxd5 {Hoping for Rab1.} Nc6 20. Rab1 ({White should play} 20. Rfd1 $16) 20... Qa4 (20... Nxd4 $14 21. Qd3 (21. Rxb4 Nxe2+ 22. Kg2 Bxe5 $11) 21... Qc5 22. Bxb7 (22. Qxd4 Qxd4 23. Bxd4 Rad8 $16) 22... Ra4) 21. Rxb7 e6 22. Bxc6 $1 Qxc6 23. Rfb1 h5 24. Bg5 Rfc8 25. Be7 (25. R1b3 $16) 25... Qd5 $1 $11 26. Bc5 Bf8 27. Bxf8 Rxf8 28. Qd2 Rac8 (28... Qe4 $11) 29. R7b3 $14 Rc4 30. Rb8 (30. Rd1 $1 $16) 30... Rcc8 (30... Rxd4 $11 {remains equal.} 31. Rxf8+ Kxf8 32. Qh6+ Ke8) 31. R8b3 Rc4 $1 32. Rb8 ({Much worse is} 32. Rxa3 Rxd4 33. Qa5 Qe4 $14) ({White should try} 32. Rd1 $1 $16) 32... Rxd4 $11 33. Rxf8+ Kxf8 {[%mdl 4096] Endgame KQR-KQR} 34. Qh6+ Ke7 35. Qe3 Rd3 36. Qg5+ Kd7 37. Qf4 Rd1+ 38. Rxd1 Qxd1+ {KQ-KQ} 39. Kh2 Ke8 {Threatens to win with ...Qc2.} 40. Qc4 Qd7 41. Qa6 Qd4 42. Kg1 Qc5 43. h4 Kf8 44. Qa8+ Kg7 45. Qf3 Qa5 46. Qf6+ Kg8 47. Qf3 Qb4 {Strongly threatening ...Qb1+.} 48. Qf6 Qd2 49. Kh2 Kf8 50. Kg2 (50. Kh3 $1 $11) 50... Qxa2 $17 51. Qd8+ Kg7 52. Qf6+ Kg8 53. Qd8+ Kh7 54. Qe7 Qd5+ 55. f3 Qxe5 56. Qxa3 Qe2+ 57. Kg1 Qd2 58. f4 Qd4+ 59. Kg2 Kg7 60. Kh2 Qf2+ 61. Kh3 Qg1 {[%cal Rg1h1]} 62. Qc3+ Kg8 {[%cal Rg1h1]} 63. Qc8+ Kh7 {[%cal Rg1h1]} 64. Qb7 Qf1+ 65. Kh2 Qe2+ 66. Kh3 Kg7 67. Qc6 Qd2 68. Qf3 Kf6 69. Qb7 Qc2 70. Qb6 Kf5 (70... Qe4 $15 71. Qd8+ Kg7) 71. Qb5+ Kf6 {aiming for ...Qf5+.} 72. Qg5+ (72. Qb6 $1 $11) 72... Kg7 $15 73. Qe5+ Kf8 74. Qb8+ Ke7 75. Qb4+ Kd7 76. Qd4+ Kc6 77. Qa7 Qf5+ 78. Kh2 Kb5 (78... Kd6 $15) 79. Qc7 Kb4 80. Qb7+ Kc3 81. Qc6+ Kd4 82. Qb6+ Qc5 83. Qb7 ({Better is} 83. Qb1 $1 $11) 83... Ke3 $1 84. Qb3+ $2 ({White has to play} 84. Qb1 $1 $15 Qd4 85. Qg1+ Kd3 86. Qb1+ Ke2 87. Kh3) 84... Kf2 $2 (84... Kd2 $1 $19 85. Qb7 Qf2+ 86. Kh3 Qf1+ 87. Kh2 Ke1) 85. Qb2+ Ke3 86. Qb3+ Kd2 $1 {...Qf2+ is the strong threat.} 87. Qb2+ Qc2 88. Qb7 $2 {[%mdl 8192]} (88. Qa1 $11) 88... Ke3+ $19 89. Kh3 Qd1 $2 (89... Qf5+ $19 90. Kh2 Qe4) 90. Qa7+ Kf3 $1 {[%cal Rd1h1]} 91. Qa3+ Ke2 (91... Ke4 $15 92. Qb4+ Kf5 93. Qb5+ Qd5 94. Qb1+ Qe4) 92. Qb2+ Qd2 93. Qb7 (93. Qa1 $11) 93... Qd3 $15 94. Qb2+ $1 Ke1 95. Qc1+ Kf2 $1 {[%csl Gf2][%cal Rd3g3]} 96. Qc5+ $2 (96. Qb2+ $15 Kf3 97. Qg2+ Ke3 98. Qg1+ Ke4 99. Qe1+ Kf3 100. Qc1) 96... Ke2 $1 $19 {White must now prevent ...Qf5+.} 97. Qc6 {[#]} Qf5+ $1 98. Kh2 Qd5 99. Qa6+ $2 {[%mdl 8192] [#]} (99. Qc2+ $17 Kf3 100. Qb2) 99... Kf2 $2 (99... Ke1 $1 $19 {is more deadly.} 100. Qa3 Qd1) 100. Qa7+ (100. Qb6+ $17 {keeps fighting.} Kf3 101. Qb2) 100... Kf3 {( -> ...Qd2+)} 101. Qa3+ $2 (101. Qg1) 101... Kg4 102. Qc3 Qa2+ 103. Kg1 f5 (103... Qe2 $142 104. Qb3 Kh3 105. g4+ Kxg4 106. Qb6 Kxh4 107. Qc7 Kg4 108. Qc6 Qe1+ 109. Kg2 Qd2+ 110. Kf1 Kg3 111. Qc3+ Qxc3 112. Ke2 Kxf4 113. Kf1 Qb2 114. Kg1 Kg3 115. Kh1 Qh2#) 104. Qf6 Qb1+ 105. Kf2 Qc2+ 106. Ke3 Qe4+ (106... Qb3+ $142 107. Kd2 Qxg3 108. Qxg6+ Kxh4) 107. Kd2 Qg2+ 108. Kc1 Qxg3 109. Qxg6+ Kxh4 110. Qxe6 Qxf4+ {Black mates.} 111. Kd1 Qf3+ 112. Kd2 Kh3 113. Qc8 h4 114. Ke1 Kh2 115. Qc2+ Kh1 116. Qf2 Qxf2+ 117. Kxf2 Kh2 {[%mdl 32768] Precision: White = 51%, Black = 49%. . Sensor Board Error (Ke4/e5)?} 1-0

[Event "48th Bosna Tournament 2018"]
[Site "Sarajevo"]
[Date "2018.05.08"]
[Round "5"]
[White "Kalezic, Blazo"]
[Black "Eric, Jovana"]
[Result "0-1"]
[WhiteElo "2463"]
[BlackElo "2301"]
[Annotator "TA"]
[PlyCount "63"]
[EventDate "2018.??.??"]
[EventType "swiss"]
[EventCountry "BIH"]
[SourceTitle "playchess.com"]
[Source "ChessBase"]
[SourceQuality "1"]

{[%evp 15,63,14,15,-50,-43,-47,-94,-55,-25,-86,-78,-212,-206,-229,-174,-211,-88,-88,-88,-88,-91,-94,-87,-88,-88,-95,-95,-104,-97,-160,-161,-161,-143,-147,-91,-96,-95,-195,-175,-242,-260,-351,-352,-347,-333,-364,-394,-629,-614,-768]} 1. e4 g6 2. d4 Bg7 3. Nf3 d6 4. Nc3 Nf6 5. Be2 O-O 6. Be3 Nc6 7. h3 e5 8. d5 {B08: Pirc Defence: Classical System} (8. O-O exd4 9. Nxd4 Re8 10. Nxc6 bxc6 11. Bf3 Nd7 12. Qd2 Ba6 13. Rfd1 Rb8 14. Rab1 Nb6 15. b3 Bb7 16. a4 a6 17. a5 {½-½ (25) Martin Duque,J (2387)-Ibarra Jerez,J (2561) Las Palmas 2017}) 8... Ne7 {LiveBook: 4 Games} 9. g4 (9. Qd2 $11) 9... c6 $1 $15 10. Qd2 {Black is slightly better.} cxd5 11. exd5 Qa5 {[%cal Rf6d5]} 12. O-O-O $146 (12. Rd1 $11 {keeps the balance.}) ({Predecessor:} 12. Rd1) 12... b5 $1 $17 {[%cal Rb5b4]} 13. Nxb5 (13. Bxb5 $17 Bb7 14. Bc4) 13... Qxa2 $19 {[%cal Ra2a1]} 14. c4 Rb8 {aiming for ...Rxb5!} 15. Qb4 {[#]} Nexd5 $1 {[%mdl 512]} 16. cxd5 $17 Ba6 17. Nc3 Rxb4 {[%csl Gb4][%cal Ra2b2]} 18. Nxa2 Bxe2 19. Nxb4 {Hoping for Nd2.} Bxf3 20. g5 Ne4 $36 {[%mdl 2048] Black is on the roll.} 21. Rhe1 {Rd3 would now be nice for White.} Bxd1 22. Rxd1 {[#]} (22. Kxd1 $142 f6 23. gxf6 Nxf6 24. Bxa7) 22... f6 $1 23. gxf6 Rxf6 24. Rf1 a5 (24... Rf3 $142 25. Bxa7 Rxh3) 25. Nc6 a4 26. Kd1 (26. Kc2 $17) 26... Rf3 $19 27. h4 (27. Ke2 $142 Rxh3 28. Ra1) 27... Nf6 28. Ne7+ Kf8 29. Nc8 Nxd5 30. Ke2 Nxe3 31. Rb1 (31. Rh1 $142 e4 32. fxe3) 31... Nc4 32. Ra1 {Precision: White = 27%, Black = 65%.} 0-1

[Event "48th Bosna Tournament 2018"]
[Site "Sarajevo"]
[Date "2018.05.08"]
[Round "5"]
[White "Manea, Alexandru"]
[Black "Fier, Alexandr"]
[Result "0-1"]
[WhiteElo "2402"]
[BlackElo "2580"]
[Annotator "TA"]
[PlyCount "58"]
[EventDate "2018.??.??"]
[EventType "swiss"]
[EventCountry "BIH"]
[SourceTitle "playchess.com"]
[Source "ChessBase"]
[SourceQuality "1"]

{[%evp 21,58,12,29,-49,-42,-26,-14,-21,0,-30,6,12,8,0,20,22,16,20,19,-8,-6,-83,-69,-85,0,0,86,-22,-30,-487,-483,-1797,-1584,-2245,-2039,-29986,-29987,-29987,-29988]} 1. d4 Nf6 2. c4 g6 3. Nf3 Bg7 4. g3 O-O 5. Bg2 d6 6. O-O Nc6 7. Nc3 a6 8. b3 Rb8 9. Nd5 Nxd5 {E63: King's Indian: Fianchetto: Panno Variation with 7...a6} 10. cxd5 Nb4 11. e4 f5 {LiveBook: 17 Games. The position is equal.} 12. Nh4 $146 (12. Ng5 $11) ({Predecessor:} 12. Ng5 c5 13. dxc6 Nxc6 14. exf5 Bxf5 15. Be3 d5 16. g4 Bc8 17. h3 {0-1 (36) Bulski,K (2554)-Cheparinov,I (2677) Helsingor 2012}) 12... fxe4 $15 13. Bxe4 {Black must now prevent a3.} c6 14. dxc6 bxc6 15. Bg5 Qe8 16. Qd2 Qf7 17. Rac1 Bh3 18. Bg2 Bxg2 19. Nxg2 Rb5 20. a3 Nd5 21. Rxc6 (21. b4 $11) 21... Rxb3 $17 22. Rxa6 Qf5 ({Black should try} 22... Nc3 $1 $17 23. Re1 Nb1) 23. Ra5 $11 {aiming for Bxe7!} e6 {[#]} (23... Rb1 $11 {keeps the balance.} 24. Nf4 Rxf1+ 25. Kxf1 Qb1+ 26. Kg2 Qe4+ 27. f3 Ne3+ 28. Kf2 Ng4+ $1 {[%mdl 512]} 29. Kg2 Ne3+ 30. Kf2 Ng4+ $1 {[%mdl 512]} 31. Kg2 Ne3+) 24. Bh6 ({White should play} 24. Be7 $1 $16 {[%cal Re7f8][%mdl 512]} Re8 (24... Nxe7 25. Rxf5) 25. Bxd6) 24... Rd3 $36 {[%mdl 2048] Black has some pressure.} 25. Nh4 $2 {[%mdl 8192]} (25. Qg5 $11 {and White has nothing to worry.}) 25... Qe4 $19 ({Weaker is} 25... Rxd2 26. Nxf5 Bxh6 27. Nxh6+ Kg7 28. Ng4 $15) 26. Qg5 (26. Qe1 $142 Qxe1 27. Rxe1 Bxh6 28. Rxe6 Rxd4 29. a4) 26... Nc3 {[%cal Rc3e2]} 27. h3 Rxg3+ 28. fxg3 Rxf1+ 29. Kxf1 Qe2+ {Precision: White = 18%, Black = 67%.} 0-1

[Event "48th Bosna Tournament 2018"]
[Site "Sarajevo"]
[Date "2018.05.08"]
[Round "5"]
[White "Marjanovic, Dejan"]
[Black "Kadric, Denis"]
[Result "0-1"]
[WhiteElo "2391"]
[BlackElo "2500"]
[Annotator "TA"]
[PlyCount "78"]
[EventDate "2018.??.??"]
[EventType "swiss"]
[EventCountry "BIH"]
[SourceTitle "playchess.com"]
[Source "ChessBase"]
[SourceQuality "1"]

{[%evp 19,78,24,34,17,29,0,0,0,-14,0,40,0,34,4,27,31,21,34,36,27,40,56,75,31,37,45,49,39,40,0,0,-43,-30,-173,-156,-106,-126,-287,-308,-486,-449,-1548,-1452,-1889,-1939,-1359,-917,-870,-835,-5581,-1830,-29992,-789,-789,-769,-29979,-29980,-29980,-29981,-29981,-29982]} 1. d4 d6 2. Nf3 g6 3. c4 Bg7 4. g3 f5 5. Bg2 Nf6 6. O-O O-O 7. Nc3 c6 8. Qb3 Kh8 9. Rd1 {A88: Dutch Defence: Leningrad System: 5 Nf3 0-0 6 0-0 d6 7 Nc3 c6} Na6 10. Qa3 Nc7 {LiveBook: 12 Games} 11. b3 $146 {[%cal Bb2b3,Bb3b4,Bb4a5][%mdl 32] White is slightly better.} ({Predecessor:} 11. d5 Bd7 12. dxc6 Bxc6 13. Be3 b6 14. Rac1 Qe8 15. b4 Ng4 16. Bd2 Ne5 17. Nxe5 Bxe5 {½-½ (57) Bacrot,E (2702)-Svidler,P (2762) Porto Vecchio 2016}) 11... Bd7 12. Bb2 a5 13. b4 Be6 14. Nd2 d5 15. c5 Ne4 16. e3 g5 17. bxa5 Nxc3 18. Qxc3 f4 19. a4 Qe8 20. exf4 gxf4 21. Re1 Bf5 $1 22. Nf3 (22. gxf4 Ne6 $15) 22... Ne6 23. Ne5 Qh5 $1 24. Bf3 Qh6 25. h4 Bf6 {[%mdl 1024] Black has compensation.} 26. Kg2 (26. Ra3 $11) 26... Qg7 $19 {And now ...fxg3 would win.} 27. Kh2 Rg8 ({Not} 27... Bxe5 28. Rxe5 fxg3+ 29. fxg3 $14) 28. Bh5 $2 (28. g4 $17 Be4 29. g5 (29. Bxe4 Bxe5 30. dxe5 Qxg4 $17) 29... Bxe5 30. dxe5 Bxf3 31. Qxf3) 28... Raf8 $1 29. Rg1 (29. g4 $142 Bxh4 30. Kg1) 29... Qh6 30. Nf7+ {[#]} (30. g4 $142 Bxh4 31. f3) 30... Rxf7 $1 {[%mdl 512]} 31. Bxf7 {[#]} Bxh4 $1 {[%mdl 512]} 32. Kg2 {[#]} (32. gxh4 Qxh4+) 32... Bh3+ $1 {[%mdl 512]} 33. Kf3 {[#]} (33. Kxh3 Bxg3+) 33... fxg3 $1 {[%mdl 512] ( -> ...Qf6+)} 34. fxg3 {[#]} Bxg3 $1 {[%mdl 512]} 35. Bxe6 (35. Rxg3 Qf4+) 35... Qf4+ (35... Qxe6 $142 36. Qc2 Qg4+ 37. Ke3 Qf4+ 38. Ke2 Bg4+ 39. Kd3 Qf3+ 40. Kd2 Bf4+ 41. Ke1 Qe3+ 42. Kf1 Be2+ $1 {[%mdl 512]} 43. Qxe2 Rxg1#) 36. Ke2 Qf2+ ({Inferior is} 36... Bxe6 37. Qe3 $14) 37. Kd3 Bxe6 {[%cal Re6f5] Black mates.} 38. Qd2 {[#]} Qf3+ $1 39. Qe3 Bf5+ {Precision: White = 21%, Black = 87%.} 0-1

[Event "48th Bosna Tournament 2018"]
[Site "Sarajevo"]
[Date "2018.05.08"]
[Round "6"]
[White "Predke, Alexandr"]
[Black "Diermair, Andreas"]
[Result "1/2-1/2"]
[WhiteElo "2603"]
[BlackElo "2504"]
[Annotator "TA"]
[PlyCount "58"]
[EventDate "2018.??.??"]
[EventType "swiss"]
[EventCountry "BIH"]
[SourceTitle "playchess.com"]
[Source "ChessBase"]
[SourceQuality "1"]

{[%evp 24,58,0,0,43,39,36,37,41,47,29,43,44,36,40,47,56,30,56,0,0,0,0,-10,-6,-10,0,0,0,0,0,0,0,0,7,0,0]} 1. e4 e5 2. Nf3 Nc6 3. Bb5 {[%cal Bf1b5,Bb5a4,Ba4b3,Bb3c4][%mdl 32]} a6 4. Ba4 Nf6 5. O-O Be7 6. Re1 b5 7. Bb3 d6 8. a4 b4 9. a5 O-O 10. d3 Be6 11. Nbd2 Rb8 12. Bc4 {C88: Closed Ruy Lopez: Anti-Marshall Systems} (12. Bxe6 fxe6 13. Nb3 Qc8 14. Qe2 Nd8 15. d4 exd4 16. Nbxd4 c5 17. Nb3 e5 18. Nbd2 Ne6 19. Nc4 Nd4 20. Nxd4 cxd4 {½-½ (43) Caruana,F (2807)-Carlsen,M (2822) Saint Louis 2017}) 12... Qc8 13. b3 {[#] LiveBook: 14 Games} Na7 $146 ({Predecessor:} 13... h6 14. Bb2 Re8 15. h3 Bf8 16. Nh4 Bxc4 17. bxc4 Nd7 18. Rf1 Qd8 19. Nf5 g6 {½-½ (45) Vallejo Pons,F (2716)-Sunilduth Lyna,N (2568) Douglas 2017}) 14. d4 {White is slightly better.} Nb5 15. Bb2 ({Wrong is} 15. dxe5 $2 Nc3 $19) 15... exd4 16. Nxd4 Nxd4 17. Bxd4 Bxc4 18. Nxc4 Rb5 19. e5 dxe5 20. Nxe5 {[#] aiming for Nc6.} Bd6 21. Nc6 (21. Qf3 $14) 21... Qd7 $11 {The position is equal.} 22. Qf3 Rf5 23. Qh3 {Bxf6 is the strong threat.} g6 24. Ne5 Bxe5 25. Bxe5 Qd2 26. Qh4 Re8 27. f4 {[#] Strongly threatening Rad1.} Re6 28. Qg3 Qd5 29. h3 Nd7 {Precision: White = 60%, Black = 66%.} 1/2-1/2

[Event "48th Bosna Tournament 2018"]
[Site "Sarajevo"]
[Date "2018.05.08"]
[Round "6"]
[White "Kozul, Zdenko"]
[Black "Brkic, Ante"]
[Result "1-0"]
[WhiteElo "2597"]
[BlackElo "2598"]
[Annotator "TA"]
[PlyCount "125"]
[EventDate "2018.??.??"]
[EventType "swiss"]
[EventCountry "BIH"]
[SourceTitle "playchess.com"]
[Source "ChessBase"]
[SourceQuality "1"]

{[%evp 25,125,-8,-6,-8,-7,-24,-11,-28,-12,-24,52,68,67,61,63,42,50,51,216,206,251,243,250,244,238,222,247,147,139,144,150,124,136,135,139,156,147,97,100,25,31,40,30,0,0,0,0,0,0,0,129,14,16,16,17,8,316,310,384,312,328,387,343,383,386,381,392,384,368,277,377,385,380,377,374,365,305,327,654,656,5057,3089,1569,586,2595,2426,2207,2122,1879,1618,1658,0,1633,1493,1305,1258,1053,862,749,684,608,516]} 1. Nf3 d5 2. c4 d4 3. g3 Nc6 4. Bg2 e5 5. d3 Bb4+ 6. Nbd2 a5 7. O-O Nf6 8. a3 Be7 9. b3 O-O 10. Rb1 {A14: English Opening: 1...e6 with b3 by White} Re8 (10... Nd7 11. Ne1 Nc5 12. Ne4 Ne6 13. f4 f5 14. Nf2 exf4 15. gxf4 Bd6 16. Nh3 Qh4 17. Rf3 Rf6 {0-1 (49) Brankovic,D (2374)-Miladinovic,I (2535) Ruma 2017}) 11. Ne1 Bf5 12. Nc2 Bf8 13. b4 axb4 {LiveBook: 3 Games} 14. axb4 Qd7 15. b5 Na5 $146 ({Predecessor:} 15... Nd8 16. Re1 Rb8 17. Nf3 h6 {½-½ (51) Kortschnoj,V-Lengyel,L Gyula 1965}) 16. Nf3 h6 17. Ra1 {With the idea Bd2.} Bd6 (17... c6 $11) 18. e3 $1 $14 Nb3 19. Rxa8 Rxa8 20. Ncxd4 Nxc1 21. Nxf5 Nxd3 $2 ({Black should try} 21... Qxf5 $14 22. e4 Qh5 23. Qxc1 Nd7) 22. Bh3 $18 (22. Qxd3 e4 $11) 22... Qd8 23. Qxd3 e4 24. Qd1 exf3 25. Qxf3 Ra4 26. Rc1 (26. Rd1 $18 {And now c5 would win.} Qa8 27. Nxh6+ $1 {[%mdl 512]} (27. Nxd6 cxd6 28. Bf1 Ne8 $18) 27... Kf8 28. Ng4) 26... b6 $16 27. Bf1 Be5 28. Rd1 Qe8 29. Qc6 Qxc6 30. bxc6 Ra8 31. Bh3 Kf8 32. f3 (32. f4 $16 Bc3 33. Nd6 $1 {[%mdl 512]}) 32... h5 $11 33. e4 {[%cal Be3e4,Be4e5][%mdl 32]} g6 34. Ne3 Ra3 35. f4 Bxf4 36. gxf4 {Hoping for e5.} Rxe3 {[%mdl 4096] Endgame KRB-KRN} 37. e5 Ng4 (37... Rxh3 38. exf6 Re3 39. Rd8+ Re8 40. Rxe8+ Kxe8 41. Kf2 $18) (37... Ne4 $11 {remains equal.} 38. Bg2 Nc5) 38. Rd8+ (38. Bg2 $1 $16) 38... Ke7 $1 {[%cal Re7d8]} 39. Rd7+ Ke6 40. Bf1 {[#]} Re1 $2 {[%mdl 8192]} (40... g5 $1 $11 {[%mdl 512]}) 41. Rxc7 $18 {Threatens to win with Rc8.} Ra1 {intending ...Ne3.} 42. Rd7 Ne3 {[%csl Ge3][%cal Ra1f1]} 43. Kf2 $1 {[%cal Rf2e3]} Nxf1 {[#] KRN-KR} 44. Rd8 $1 {Black must now prevent c7.} (44. Rd6+ Ke7 $14) 44... Ra7 {[#]} ({Not} 44... Nxh2 $2 45. c7 $18) 45. Rd6+ $1 ({Weaker is} 45. Kxf1 Rc7 $14) 45... Ke7 46. Kxf1 {KR-KR} Ra4 47. Rd7+ Ke6 48. Rd4 {aiming for c7.} Ra5 49. Ke2 Rc5 50. Rd6+ Ke7 51. Kd3 g5 $2 (51... h4 52. h3 Kf8) 52. fxg5 Rxe5 53. Rd7+ Ke8 54. Rb7 (54. Rd5 $142 Re7 55. Rb5) 54... Kd8 55. h4 Rf5 56. Ke4 Rc5 57. Kd4 Rf5 58. Ke4 Rc5 59. Rxf7 {White is clearly winning.} Rxc6 60. Kd4 Rd6+ 61. Kc3 Rd1 62. Rh7 Rc1+ 63. Kb3 {Precision: White = 62%, Black = 51%.} 1-0

[Event "48th Bosna Tournament 2018"]
[Site "Sarajevo"]
[Date "2018.05.08"]
[Round "6"]
[White "Fier, Alexandr"]
[Black "Sadikhov, Ulvi"]
[Result "1/2-1/2"]
[WhiteElo "2580"]
[BlackElo "2473"]
[Annotator "TA"]
[PlyCount "61"]
[EventDate "2018.??.??"]
[EventType "swiss"]
[EventCountry "BIH"]
[SourceTitle "playchess.com"]
[Source "ChessBase"]
[SourceQuality "1"]

{[%evp 22,61,39,12,24,18,21,18,22,9,29,0,2,0,15,19,35,34,31,29,29,16,19,19,22,18,27,34,24,24,8,11,16,27,59,48,34,19,23,0,0,0]} 1. e4 c5 2. Nf3 e6 3. d4 cxd4 4. Nxd4 a6 5. Nc3 Qc7 6. Be2 b5 7. O-O Bb7 8. Re1 Nf6 9. Bf3 {B43: Sicilian: Kan Variation: 5 Nc3} d6 10. a4 bxa4 11. Rxa4 (11. Nd5 exd5 12. exd5+ Kd8 13. Rxa4 Nxd5 14. Bg5+ Be7 15. Bxd5 Bxg5 16. Rc4 Qb6 17. Bxf7 Bf6 18. Ne6+ Ke7 19. Nxg7+ Kf8 20. Re8+ Kxg7 21. Qg4+ {1-0 (21) Jobava,B (2644)-Steingrimsson,H (2533) Heraklio 2007}) 11... Nbd7 12. Nb3 {LiveBook: 4 Games} Be7 13. Na5 Ne5 14. Nxb7 Qxb7 15. Be2 O-O 16. f4 $146 ({Predecessor:} 16. Bf1 Nfd7 17. Qe2 Nc5 18. Ra2 Rfc8 19. Na4 Ncd7 20. g3 d5 21. Bg2 {½-½ (21) Kuczynski,R (2485)-Rasik,V (2455) Czechia 1998}) 16... Nc6 17. Bf3 Nd7 18. Ra2 Nb6 19. Na4 e5 20. Nxb6 Qxb6+ 21. Be3 Qc7 22. c3 exf4 23. Bxf4 Ne5 24. Be2 a5 25. Be3 h6 26. Qd5 Bg5 27. Bf2 Rab8 28. Rd1 Rfd8 29. Kf1 a4 30. Qd4 Qd7 31. Qxa4 {Precision: White = 61%, Black = 78%.} 1/2-1/2

[Event "48th Bosna Tournament 2018"]
[Site "Sarajevo"]
[Date "2018.05.08"]
[Round "6"]
[White "Kadric, Denis"]
[Black "Ivic, Velimir"]
[Result "0-1"]
[WhiteElo "2500"]
[BlackElo "2405"]
[Annotator "TA"]
[PlyCount "132"]
[EventDate "2018.??.??"]
[EventType "swiss"]
[EventCountry "BIH"]
[SourceTitle "playchess.com"]
[Source "ChessBase"]
[SourceQuality "1"]

{[%evp 24,132,14,0,78,70,75,53,88,88,88,88,88,87,83,88,224,85,88,83,83,79,83,80,79,79,82,66,83,75,85,78,77,0,0,0,0,0,0,0,0,-25,26,33,25,0,0,0,0,-106,-11,-11,-8,-8,-8,-8,-8,-30,-8,-120,-128,-181,-176,-136,-8,-8,-8,-592,-591,-590,-580,-575,-546,-568,-522,-477,-498,-481,-444,-370,-278,-122,-57,-57,-57,-29960,-29962,-29961,-29962,-29957,-29955,-29969,-29970,-29974,-29975,-29975,-29976,-29976,-29977,-29977,-29973,-29975,-29976,-29977,-29976,-29977,-29978,-29978,-29974,-29980,-29981]} 1. e4 c5 2. Nc3 Nc6 3. Nge2 d6 4. d4 cxd4 5. Nxd4 Nf6 6. Bc4 e6 7. Bb3 a6 8. O-O Be7 9. f4 O-O 10. Kh1 Qc7 11. f5 Nxd4 12. Qxd4 Bd7 13. Bg5 {LiveBook: 3 Games. B88: Sicilian: Sozin Attack} e5 (13... exf5 $11 14. exf5 Rae8) (13... h6 14. Bh4 exf5 15. exf5 Bc6 16. Rae1 Rfe8 17. Ne2 Ne4 18. Bxe7 Qxe7 19. Nc3 Qf6 20. Qxf6 Nxf6 21. Kg1 {½-½ (21) Matikozian,A (2404)-Chen,P (2297) Las Vegas 2016}) 14. Qd3 Bc6 15. Rad1 {White is better.} Rad8 16. Qg3 {aiming for Bh6.} Nh5 17. Qh4 $146 ({Predecessor:} 17. Qg4 Bxg5 18. Qxg5 Nf6 19. Rd3 Kh8 20. Rg3 Rg8 21. Rh3 Qe7 22. Rxh7+ {1-0 (22) Honfi,K-Golombek,H Kecskemet 1968}) 17... Bxg5 18. Qxh5 Qe7 19. Rd3 h6 (19... Bf6 $16 {was called for.}) 20. Qg4 (20. f6 $1 $18 {[%cal Rf6e7] is the precise move to win.} Bxf6 21. Nd5 Bxd5 22. Bxd5) 20... Kh7 21. a3 Rd7 22. Rh3 Rc7 23. Rd1 Bf6 24. Qe2 Rd8 25. Bd5 Bg5 26. Bxc6 bxc6 27. Qxa6 d5 28. exd5 ({White should try} 28. Qe2 $16) 28... cxd5 $11 29. Qe2 Qc5 30. b4 Qc4 31. Qxc4 Rxc4 32. g4 Rdc8 (32... d4 $142 33. Ne4 Bf4) 33. Nxd5 {Black must now prevent Nb6.} Rxc2 34. b5 Rb2 35. b6 Rd8 36. Rh5 (36. Rhd3 $11 {keeps the balance.}) 36... Rxb6 (36... Rd6 $17 {...Rb5 is the strong threat.} 37. h4 Bf4) 37. Rxg5 $1 Rbd6 $36 {[%mdl 2048] White is under pressure.} 38. Rh5 Rxd5 39. Rxd5 Rxd5 {[%mdl 4096] Endgame KR-KR} 40. g5 e4 {[#]} 41. f6 (41. g6+ $1 $11 {[%mdl 512] remains equal.} Kg8 (41... fxg6 42. fxg6+) 42. Rh4) 41... Kg8 $1 $17 ({Not} 41... Rxg5 $2 42. Rxg5 hxg5 43. fxg7 $18) 42. fxg7 (42. Rh4 $17 {keeps fighting.}) 42... hxg5 $19 43. h4 f6 (43... Kxg7 $2 44. Rxg5+ Rxg5 45. hxg5 $18) (43... Rd1+ $1 $17 44. Kg2 gxh4 45. Rxh4 f5) 44. hxg5 $11 fxg5 ({Don't blunder} 44... Rxg5 $2 45. Rxg5 fxg5 46. Kg2 $18) 45. Rh8+ $2 {[%mdl 8192]} (45. Rh6 $1 $11) 45... Kxg7 $19 46. Re8 Rd4 $1 47. Kg2 {[#]} Ra4 $1 48. Kf2 Kf7 49. Re5 Kf6 50. Re8 Kf5 51. Rf8+ Kg4 52. Re8 Rxa3 ({Black should play} 52... Rc4 $17 53. Ra8 Rc3) 53. Rxe4+ $15 Kh3 $1 54. Re5 $2 {[%mdl 8192] [#]} (54. Re8 $15) 54... Rg3 $1 {Black mates.} (54... Ra2+ $2 55. Kg1 $19) 55. Kf1 Rg2 56. Re8 g4 {[%cal Bg5g4,Bg4g3][%mdl 32]} 57. Re3+ Kh2 58. Re4 Rg1+ 59. Ke2 g3 60. Rh4+ Kg2 61. Rg4 Ra1 62. Rg8 Ra7 63. Re8 Rf7 64. Ke1 Kg1 65. Ke2 g2 66. Re6 Rh7 {Precision: White = 36%, Black = 60%.} 0-1